[Event "Verbandsliga Nordbaden 1718"]
[Site "Baden"]
[Date "2018.05.06"]
[Round "9.4"]
[White "Hess, Markus"]
[Black "Schmucker, Tillman"]
[Result "1-0"]
[WhiteElo "2141"]
[BlackElo "1773"]
[PlyCount "53"]
[EventDate "2017.10.08"]
[EventType "team-tourn"]
[EventRounds "9"]
[EventCountry "GER"]
[SourceTitle "EXT 2019"]
[Source "ChessBase"]
[SourceDate "2018.10.10"]
[SourceVersion "1"]
[SourceVersionDate "2018.10.10"]
[SourceQuality "1"]
[WhiteTeam "Walldorf II"]
[BlackTeam "Buchen II"]
[WhiteTeamCountry "GER"]
[BlackTeamCountry "GER"]

1. e4 e5 2. Nc3 Nf6 3. g3 Nc6 4. Bg2 Bc5 5. Nge2 0-0 6. 0-0 a6 7. d3 b5 8. a4 b4 9. Nd5 Nxd5 10. exd5 Ne7 11. d4 exd4 12. Nxd4 Bb7 13. Nb3 Bb6 14. a5 Ba7 15. Re1 Re8 16. Bg5 h6 17. Bxe7 Rxe7 18. Rxe7 Qxe7 19. d6 Bxf2+ 20. Kxf2 Qf6+ 21. Kg1 Bxg2 22. Kxg2 cxd6 23. Qf3 Qd8 24. Rf1 Qe8 25. Rf2 Rc8 26. Re2 Qd8 27. Qb7 1-0